<?xml version='1.0' encoding='UTF-8'?>
  <record xmlns="http://www.loc.gov/MARC21/slim">
    <leader>00000cam a22000007i 4500</leader>
    <controlfield tag="001">ocm66870071</controlfield>
    <controlfield tag="003">OCoLC</controlfield>
    <controlfield tag="005">20250724060048.8</controlfield>
    <controlfield tag="008">031214s1591    gw            000 0 ger d</controlfield>
    <datafield tag="040" ind1=" " ind2=" ">
      <subfield code="a">NLGGC</subfield>
      <subfield code="b">eng</subfield>
      <subfield code="e">rda</subfield>
      <subfield code="e">dcrmr</subfield>
      <subfield code="c">NLGGC</subfield>
      <subfield code="d">OCLCO</subfield>
      <subfield code="d">QGJ</subfield>
      <subfield code="d">OCLCL</subfield>
      <subfield code="d">QGJ</subfield>
    </datafield>
    <datafield tag="029" ind1="0" ind2=" ">
      <subfield code="a">NLGGC</subfield>
      <subfield code="b">258002204</subfield>
    </datafield>
    <datafield tag="035" ind1=" " ind2=" ">
      <subfield code="a">(OCoLC)66870071</subfield>
    </datafield>
    <datafield tag="100" ind1="1" ind2=" ">
      <subfield code="a">Nigrinus, Georg,</subfield>
      <subfield code="d">1530-1602,</subfield>
      <subfield code="e">author.</subfield>
      <subfield code="4">aut</subfield>
      <subfield code="1">https://id.oclc.org/worldcat/entity/E39PBJjCP33fBw6yqvJVV88Bfq</subfield>
    </datafield>
    <datafield tag="245" ind1="1" ind2="0">
      <subfield code="a">Warhafftiger, gründtlicher, Christlicher bericht, vnnd bescheidene Antwort, auff das Buch Caspar Aulnbergers, Pastorn der Pfarr zu S. Cuniberts inn Cölln, vnd Canonichen des Stiffts daselbst, so er intituliert, vnd genennet, Erhebliche und wichtige vrsachen warum[b] die Altglaubige, Catholische Christen, bey dem alten waren Christenthumb, biß in jhren todt bestendig beharren, &amp;c :</subfield>
      <subfield code="b">Darauß klar vnd offenbar erscheinet, Wie ferne nicht allein dieser Buchmacher der rechten Warheit gefehlet, vnd wie vnbillich vnd vngütlich er vns Evangelische vbel beschreit, schendt vn[d] lästert: sonder wie ferne das gantze Babsthumb sey, von der alten waren Catholischen Kirchen: vnd wie weit wir vns von allen Secten vnd Rotten abgesündert haben: /</subfield>
      <subfield code="c">... gestellet von Georgio Nigrino Hessichem Superintend ...</subfield>
    </datafield>
    <datafield tag="246" ind1="3" ind2=" ">
      <subfield code="a">Warhafftiger, gründtlicher, Christlicher bericht, unnd bescheidene Antwort, auff das Buch Caspar Aulnbergers, Pastorn der Pfarr zu S. Cuniberts inn Cölln, und Canonichen des Stiffts daselbst</subfield>
    </datafield>
    <datafield tag="264" ind1=" " ind2="1">
      <subfield code="a">[Place of publication not identified] :</subfield>
      <subfield code="b">[publisher not identified],</subfield>
      <subfield code="b">Jm Jar, M. D. XCI. [1591]</subfield>
    </datafield>
    <datafield tag="300" ind1=" " ind2=" ">
      <subfield code="a">[16], 430 pages ;</subfield>
      <subfield code="c">20 cm (4to)</subfield>
    </datafield>
    <datafield tag="336" ind1=" " ind2=" ">
      <subfield code="a">text</subfield>
      <subfield code="b">txt</subfield>
      <subfield code="2">rdacontent</subfield>
    </datafield>
    <datafield tag="337" ind1=" " ind2=" ">
      <subfield code="a">unmediated</subfield>
      <subfield code="b">n</subfield>
      <subfield code="2">rdamedia</subfield>
    </datafield>
    <datafield tag="338" ind1=" " ind2=" ">
      <subfield code="a">volume</subfield>
      <subfield code="b">nc</subfield>
      <subfield code="2">rdacarrier</subfield>
    </datafield>
    <datafield tag="340" ind1=" " ind2=" ">
      <subfield code="a">4to</subfield>
      <subfield code="2">rdabf</subfield>
    </datafield>
    <datafield tag="500" ind1=" " ind2=" ">
      <subfield code="a">Title page in red and black.</subfield>
    </datafield>
    <datafield tag="500" ind1=" " ind2=" ">
      <subfield code="a">Initials; printed, marginal notes.</subfield>
    </datafield>
    <datafield tag="500" ind1=" " ind2=" ">
      <subfield code="a">Signatures: ):(⁴ (.·.)⁴ a-z⁴ A-Z⁴ Aa-Hh⁴; ):(1v and Hh4 are blank.</subfield>
    </datafield>
    <datafield tag="510" ind1="4" ind2=" ">
      <subfield code="a">Verzeichnis der im deutschen Sprachbereich erschienenen Drucke des 16. Jahrhunderts (VD 16),</subfield>
      <subfield code="c">S 4658</subfield>
      <subfield code="u">https://gateway-bayern.de/VD16+S+4658</subfield>
    </datafield>
    <datafield tag="600" ind1="1" ind2="0">
      <subfield code="a">Ulenberg, Kaspar,</subfield>
      <subfield code="d">1549-1617.</subfield>
      <subfield code="t">Erhebliche und wichtige Ursachen, warumb die altgleubige Catholische Christen bey dem alten waren Christenthumb bis in ihren tod bestendiglich verharren.</subfield>
    </datafield>
    <datafield tag="610" ind1="2" ind2="0">
      <subfield code="a">Catholic Church</subfield>
      <subfield code="x">Doctrines</subfield>
      <subfield code="x">Catholic authors.</subfield>
    </datafield>
    <datafield tag="650" ind1=" " ind2="0">
      <subfield code="a">Anabaptists</subfield>
      <subfield code="x">Controversial literature</subfield>
      <subfield code="x">Catholic authors.</subfield>
    </datafield>
    <datafield tag="610" ind1="2" ind2="6">
      <subfield code="a">Église catholique</subfield>
      <subfield code="x">Doctrines</subfield>
      <subfield code="x">Auteurs catholiques.</subfield>
    </datafield>
    <datafield tag="650" ind1=" " ind2="6">
      <subfield code="a">Anabaptistes</subfield>
      <subfield code="x">Ouvrages de controverse</subfield>
      <subfield code="x">Auteurs catholiques.</subfield>
    </datafield>
    <datafield tag="610" ind1="2" ind2="7">
      <subfield code="a">Catholic Church</subfield>
      <subfield code="2">fast</subfield>
    </datafield>
    <datafield tag="650" ind1=" " ind2="7">
      <subfield code="a">Anabaptists</subfield>
      <subfield code="x">Controversial literature</subfield>
      <subfield code="x">Catholic authors</subfield>
      <subfield code="2">fast</subfield>
    </datafield>
    <datafield tag="650" ind1=" " ind2="7">
      <subfield code="a">Theology, Doctrinal</subfield>
      <subfield code="x">Catholic authors</subfield>
      <subfield code="2">fast</subfield>
    </datafield>
    <datafield tag="700" ind1="1" ind2=" ">
      <subfield code="a">Chelius, Philippus,</subfield>
      <subfield code="d">1542-1606,</subfield>
      <subfield code="e">dedicatee.</subfield>
      <subfield code="e">dte</subfield>
    </datafield>
    <datafield tag="758" ind1=" " ind2=" ">
      <subfield code="i">has work:</subfield>
      <subfield code="a">Warhafftiger gründtlicher christlicher Bericht unnd bescheidene Antwort auff das Buch Caspar Aulnbergers, Pastorn der Pfarr zu S. Cuniberts inn Cölln und Canonichen des Stiffts daselbst so er intituliert und genennet Erhebliche und wichtige Ursachen warumm die altglaubige catholische Christen bey dem alten waren Christenthumb biss in ihren Todt bestendig beharzen (Text)</subfield>
      <subfield code="1">https://id.oclc.org/worldcat/entity/E39PCFGxWfWFrG6RDh9KMqykym</subfield>
      <subfield code="4">https://id.oclc.org/worldcat/ontology/hasWork</subfield>
    </datafield>
  </record>